Levante UD Squad 2025-2026 - Statistics

General Stats
  • This quiz has been taken 152 times
    55 since last reset
  • The average score is 19 of 32
Answer Stats
# Position Nation Player % Correct
13 GK Australia Mathew Ryan
100%
21 FW Cameroon Karl Etta Eyong
94%
22 DF Germany Jeremy Toljan
85%
3 DF Uruguay Alan Matturro
79%
16 MF Honduras Kervin Arriaga
79%
19 FW Spain Carlos Espí
76%
9 FW Spain Iván Romero
76%
23 DF Spain Manu Sánchez
76%
10 MF Spain Pablo Martínez
76%
2 DF Argentina Matías Moreno
70%
24 FW Spain Carlos Álvarez
67%
- Coach Portugal Luís Castro
67%
15 FW Central African Republic Goduine Koyalipou
64%
4 DF Spain Adrián de la Fuente
61%
8 MF Spain Jon Ander Olasagasti
61%
17 DF Spain Víctor García
58%
- Coach Spain Álvaro del Moral
55%
- Coach Spain Julián Calero
55%
11 FW Spain José Luis Morales
52%
26 FW Spain Kareem Tunde
52%
20 MF Spain Oriol Rey
52%
6 DF Spain Diego Pampín
48%
1 GK Spain Pablo Campos
48%
7 FW Spain Roger Brugué
48%
5 DF Spain Unai Elgezabal
48%
12 MF Spain Unai Vencedor
45%
55 FW Israel Tay Abed
42%
27 FW Spain Paco Cortés
39%
32 GK Spain Álex Primo
36%
14 MF France Ugo Raghouber
36%
14 DF Spain Jorge Cabello
33%
18 FW Spain Iker Losada
27%
No matching quizzes found
Score Distribution
Percent of People with Each Score
Percentile by Number Answered
Your Score History
You have not taken this quiz since the last reset